000 01432nam a2200313Ia 4500
003 OSt
005 20201013170705.0
008 191128s2010 ck gr 000 0 spa d
020 _a9789584525307
040 _aCO-JMCR
_cCO-JMCR
041 1 _aspa
_heng
082 0 4 _a980.02092 /
_bM981p
_223
100 1 _aMurray, Pamela Suzanne,
_eautor
_911446
245 1 0 _aPor Bolívar y la gloría :
_bla asombrosa vida de Manuela Sáenz /
_cPamela S. Murray ; traducción, Luisa Borovsky
260 _aBogotá :
_bNorma,
_c2010
300 _a299 páginas ;
_c24 cm.
490 o _aColección documentos
504 _aBibliografía: páginas 275-290
505 0 _aLos comiezos, 1797-1822 -- Libertadora, 1822-1827 -- El crisol colombiano, 1827-1830 -- La venganza de los liberales, 1835-1845 -- Exilio y reivindicación, 1835-1845 -- Encontrando el hogar, circa 1845-1856
534 _pFor glory Bolívar : The remarkable life of Manuela Sáen
546 _aTraducido del inglés.
600 1 4 _aSáenz, Manuela,
_d1797-1856
_vbiografías
_911447
600 1 4 _aBolívar, Simón,
_xrelaciones con mujeres
_d1783-1830
_911448
650 _aGuerras de Independencia (América del Sur: 1806-1830) Biografías historia--
_911449
651 4 _aColombia
_vguerra de independencia
_xhistoria
_y1810-1819
_911450
651 4 _aColombia
_xhistoria social
_ySiglo XIX
_911451
700 1 _aBorovsky, Luisa,
_d
_etraductora
_911452
942 _2ddc
_cBK
999 _c4631
_d4631